00847nam a2200193 i 450000100060000000300090000600500170001500700030003200800410003510000350007624501150011126000600022630000430028650001390032965000480046871000440051671000710056085200220063140506ES-MaACL20250727024553.0t|030306s1943 sp |||| | spa d1 aCaro Baroja, Julio,d1914-199514aLos pueblos del Norte de la Península Ibérica b: (análisis histórico cultural) / cJulio Caro Baroja. aMadrid : bC.S.I.C., c1943 (eBurgos : fImp. Aldecoa) a241 p., grab., 1 map. pleg. ; c25 cm. aPrecede al tít.: Consejo Superior de Investigaciones Científicas, Patronato Menéndez Pelayo, "Instituto Bernardino de Sahagún" 4aAntropología cultural y social-zEspaña2 aPatronato "Marcelino Menéndez Pelayo"2 aInstituto Bernardino de Sahagún de Antropología y Etnología. aES-MaACLjF-16220